Parras : Escala 1 : 1000 /

Fraccionamiento proyectado por el arquitecto Julio de la Peña en la ciudad de Parras, Coahuila. Esta lámina presenta plantas de conjunto para las zonas de la iglesia; clínica y estación de polícía; apartamentos y centro cívico del fraccionamiento.

Gardado en:
Detalles Bibliográficos
Autor Principal: Peña, Julio de la (arquitecto)
Formato: Imagen
Temas:
Etiquetas: Engadir etiqueta
Sen Etiquetas, Sexa o primeiro en etiquetar este rexistro!

MARC

LEADER 00000nkm^a2200000^a^4500
001 000267602
005 20250521000000.0
009 20260310110827.126
037 |a Acervo ITESO - Biblioteca 
041 |a GRA 
082 |a 720. 97206  |b PEÑ FRA PAR V. 10 
100 |a Peña, Julio de la  |e (arquitecto) 
240 1 1 |a [Fraccionamientos de Julio de la Peña] 
240 1 1 |a [Fraccionamiento Parras] 
240 1 1 |a [Fraccionamiento Parras: plantas] 
245 1 0 |a Parras :  |b Escala 1 : 1000 /  |c J. de la Peña. 
255 |a Escala 1 : 1000 ;  |b Orientado con el norte al centro 
264 0 |a Guadalajara, México :  |b dibujo inédito,  |c fecha no identificada 
300 |a 1 copia 
300 |a 3 dibujos arquitectónicos :  |b dibujo a tinta ;  |c 45.0 x 61.0 cm. 
336 |a imagen fija bidimensional :  |b sti  |2 rdacontenido 
337 |a sin mediación  |b n  |2 rdamedio 
338 |a plano arquitectónico  |b nz  |2 rdasoporte 
520 |a Fraccionamiento proyectado por el arquitecto Julio de la Peña en la ciudad de Parras, Coahuila. Esta lámina presenta plantas de conjunto para las zonas de la iglesia; clínica y estación de polícía; apartamentos y centro cívico del fraccionamiento. 
649 |a XX 
650 |a Arquitectos Jaliscienses 
650 |a Arquitectos Mexicanos 
650 |a Artistas Jaliscienses 
650 |a Artistas Mexicanos 
650 |a Fraccionamientos -  |z Parras, Coahuila -  |x Tema Principal 
650 |a Fraccionamientos -  |z México 
650 |a Desarrollo Urbano -  |z Parras, Coahuila -  |x Tema Principal 
650 |a Desarrollo Urbano -  |z México 
650 |a Planos Arquitectónicos -  |x Tema Principal 
650 |a Planos Arquitectónicos -  |x Plantas 
650 |a Dibujo Arquitectónico 
650 |a Dibujo Técnico 
650 |a Representación Arquitectónica 
650 |a Diseño Arquitectónico 
650 |a Arquitectura Moderna -  |z Parras, Coahuila -  |x Tema Principal 
650 |a Arquitectura Moderna -  |z México 
650 |a Arquitectura Jalisciense -  |y 1990-1999 
650 |a Arquitectura Jalisciense -  |y Siglo XX 
650 |a Arquitectura Mexicana -  |y 1990-1999 
650 |a Arquitectura Mexicana -  |y Siglo XX 
650 |a Arte Moderno -  |z Parras, Coahuila 
650 |a Arte Moderno -  |z México 
650 |a Arte Jalisciense -  |y 1990-1999 
650 |a Arte Jalisciense -  |y Siglo XX 
650 |a Arte Mexicano -  |y 1990-1999 
650 |a Arte Mexicano -  |y Siglo XX 
600 |a Peña, Julio de la 
910 |a Fondo Julio de la Peña Lomelín 
920 |a Gráficos - Planos Arquitectónicos 
940 |a Arquitectos Jaliscienses 
905 |a 501 
901 |a 0500151866  |b IT2  |c ARQ  |u 20250521 
902 |a https://opac.biblio.iteso.mx/vufind/Record/000267602